000 00768cam a2200217 a 4500
020 _a9789251070178
020 _a9251070172
040 _cBTCTA
082 _a333 FOO 2011 A013 Or.
245 0 0 _aGovernance of marine protected areas in the least-developed countries :
_bcase studies from West Africa /
260 _aRome :
_bFood and Agriculture Organization of the United Nations,
_c2011.
300 _axi, 77 p. :
_bcol. maps ;
_c25 cm.
490 1 _aFAO fisheries and aquaculture technical paper ;
650 0 _aMarine parks and reserves
650 0 _aFishery management
700 1 _aWeigel, Jean-Yves.
700 1 _aFéral, François.
700 1 _aCazalet, Bertrand.
710 2 _aFood and Agriculture Organization of the United Nations.
942 _cEK
999 _c13262
_d13262